Overwatch League Teams- players - Statistics

General Stats
  • This quiz has been taken 16 times
  • The average score is 18 of 45
Answer Stats
Team Answer % Correct
SF Shock Super
79%
SF Shock ChoiHyoBin
71%
Houston outlaws Danteh
71%
LA Gladiators Shu
71%
LA Gladiators Space
71%
SF Shock Viol2t
71%
Philadelphia fusion Carpe
64%
LA Gladiators Kevster
64%
LA Gladiators Moth
64%
LA Gladiators Birdring
57%
SF Shock Ans
50%
Philadelphia fusion FunnyAstro
50%
SF Shock Nero
50%
Houston outlaws PIGGY
50%
SF Shock Twilight
50%
SF Shock fdGod
43%
Dallas Fuel Fearless
43%
Houston outlaws JAKE
43%
LA Gladiators Muze
43%
Philadelphia fusion Poko
43%
Philadelphia fusion Rascal
43%
LA Gladiators Skewed
43%
SF Shock Ta1yo
43%
Philadelphia fusion Alarm
36%
Dallas Fuel Fielder
36%
Dallas Fuel Hanbin
36%
Philadelphia fusion HOTBA
36%
Houston outlaws JJANGU
36%
LA Gladiators Mirror
36%
Houston outlaws Crimzo
29%
Dallas Fuel Doha
29%
Philadelphia fusion Eqo
29%
SF Shock Glister
29%
Houston outlaws Happy
29%
Philadelphia fusion Mano
29%
Dallas Fuel Rapel
29%
Dallas Fuel Jecse
21%
Houston outlaws Joobi
21%
Houston outlaws KSF
21%
Philadelphia fusion Tobi
21%
Houston outlaws Dreamer
14%
Dallas Fuel Pine
14%
Philadelphia fusion sHockWave
14%
SF Shock Smurf5
0%
Dallas Fuel Sp9k1e
0%
No matching quizzes found
Score Distribution
Percent of People with Each Score
Percentile by Number Answered
Your Score History
You have not taken this quiz